SARTH VAGBHAT (Record no. 498427)

MARC details
000 -LEADER
fixed length control field 00356pam a2200157a 44500
008 - FIXED-LENGTH DATA ELEMENTS--GENERAL INFORMATION
fixed length control field 230515b2012 xxu||||| |||| 00| 0 eng d
020 ## - INTERNATIONAL STANDARD BOOK NUMBER
International Standard Book Number 9778-8190-90264-9
041 ## - LANGUAGE CODE
Language code of text/sound track or separate title MARATHI<br/>
082 ## - DEWEY DECIMAL CLASSIFICATION NUMBER
Classification number 891.2/GAR
100 ## - MAIN ENTRY--PERSONAL NAME
Personal name GARDHE, G .K.
245 ## - TITLE STATEMENT
Title SARTH VAGBHAT
250 ## - EDITION STATEMENT
Edition statement 1
260 ## - PUBLICATION, DISTRIBUTION, ETC.
Place of publication, distribution, etc. PUNE
Name of publisher, distributor, etc. NULL
Date of publication, distribution, etc. 2012
300 ## - PHYSICAL DESCRIPTION
Extent 564
650 ## - SUBJECT ADDED ENTRY--TOPICAL TERM
Topical term or geographic name entry element SARTH VAGBHAT
Holdings
Withdrawn status Lost status Damaged status Not for loan Home library Current library Shelving location Date acquired Source of acquisition Cost, normal purchase price Total Checkouts Full call number Barcode Date last seen Price effective from Koha item type Public note
        Bharati Ayurved College and Hospital, Kolhapur Bharati Ayurved College and Hospital, Kolhapur   19/01/2013 BHARATI MADH. SAHA. GRAH. BHANDAR LTD. 300.00   891.2/GAR BHK-PG-3923 28/06/2023 28/06/2023 Book This book has been transferred from College of Ayurveda (ACP) branch to Bharathi Hospital, Kolhapur (BHK) branch with old barcode number=ACP-PG-3923